RESERVE BANK OF INDIA (Record no. 46255)

MARC details
000 -LEADER
fixed length control field 00491nam a2200169Ia 4500
003 - CONTROL NUMBER IDENTIFIER
control field OSt
005 - DATE AND TIME OF LATEST TRANSACTION
control field 20221229105329.0
008 - FIXED-LENGTH DATA ELEMENTS--GENERAL INFORMATION
fixed length control field 211109s9999||||xx |||||||||||||| ||und||
040 ## - CATALOGING SOURCE
Transcribing agency SBCL
082 ## - DEWEY DECIMAL CLASSIFICATION NUMBER
Classification number 658.455
Item number RES-R
100 ## - MAIN ENTRY--PERSONAL NAME
Personal name Reserve Bank of India
245 #0 - TITLE STATEMENT
Title RESERVE BANK OF INDIA
Remainder of title Report of Policy Group on External Debt Statistics of India
260 ## - PUBLICATION, DISTRIBUTION, ETC.
Name of publisher, distributor, etc. Reserve Bank of India
Place of publication, distribution, etc. Mumbai
Date of publication, distribution, etc. 2004
630 ## - SUBJECT ADDED ENTRY--UNIFORM TITLE
General subdivision POST GRADUATE REFERENCE
942 ## - ADDED ENTRY ELEMENTS (KOHA)
Koha item type BOUND VOLUMES
650 ## - SUBJECT ADDED ENTRY--TOPICAL TERM
Form subdivision Commerce
Source of heading or term Technology
Holdings
Withdrawn status Lost status Source of classification or shelving scheme Damaged status Not for loan Home library Current library Date acquired Cost, normal purchase price Serial Enumeration / chronology Inventory number Total Checkouts Full call number Barcode Shelving location Date last seen Price effective from Koha item type Public note
    Dewey Decimal Classification     SB LIBRARY SB LIBRARY 09/11/2021 140.00 NOVEMBER 1992 NOVEMBER 1992   658.455 RES-R 00088256 PGR - BACK & BOUND VOLUMES 09/11/2021 09/11/2021 BOUND VOLUMES NOVEMBER 1992

Powered by Koha